Rózsa Edit interpellál
Elmentve itt :
| Dokumentumtípus: | Cikk |
|---|---|
| Megjelent: |
1990-09-22
|
| Sorozat: | Délmagyarország
80 No. 240 |
| Kulcsszavak: | Egyetemi hallgatók tüntetése, 1990 |
| Online Access: | http://dmarchiv.bibl.u-szeged.hu/81568 |
| LEADER | 00417nab a2200145 i 4500 | ||
|---|---|---|---|
| 001 | delm81568 | ||
| 005 | 20190925092434.0 | ||
| 008 | 190925s1990 hu o 0|| hun d | ||
| 040 | |a SZTE Délmagyarország Archívum |b hun | ||
| 041 | |a hun | ||
| 245 | 0 | 0 | |a Rózsa Edit interpellál |h [elektronikus dokumentum] |
| 260 | |c 1990-09-22 | ||
| 300 | |a 2 | ||
| 490 | 0 | |a Délmagyarország |v 80 No. 240 | |
| 695 | |a Egyetemi hallgatók tüntetése, 1990 | ||